|
|
|
|
| LEADER |
01599nam a2200421 4500 |
| 001 |
ocn976434023 |
| 003 |
OCoLC |
| 005 |
20180501122035.0 |
| 006 |
m o d |
| 007 |
cr cnu|||unuuu |
| 008 |
170320s2017 ne o 001 0 eng d |
| 040 |
|
|
|a N$T
|b eng
|e rda
|e pn
|c N$T
|d OPELS
|d N$T
|d IDEBK
|d YDX
|d OCLCF
|d UPM
|d OTZ
|d OCLCQ
|d D6H
|d GrThAP
|
| 019 |
|
|
|a 979241754
|a 979910435
|
| 020 |
|
|
|a 9780444639431
|q (electronic bk.)
|
| 020 |
|
|
|a 0444639438
|q (electronic bk.)
|
| 020 |
|
|
|a 9780444639394
|q (print)
|
| 020 |
|
|
|a 044463939X
|
| 035 |
|
|
|a (OCoLC)976434023
|z (OCoLC)979241754
|z (OCoLC)979910435
|
| 050 |
|
4 |
|a RS403
|
| 072 |
|
7 |
|a MED
|x 071000
|2 bisacsh
|
| 082 |
0 |
4 |
|a 615.1/9
|2 23
|
| 049 |
|
|
|a TEFA
|
| 245 |
0 |
0 |
|a Progress in medicinal chemistry.
|n Volume 56 /
|c edited by David R. Witty and Brian Cox.
|
| 264 |
|
1 |
|a Amsterdam, Netherlands :
|b Elsevier,
|c 2017.
|
| 300 |
|
|
|a 1 online resource.
|
| 336 |
|
|
|a text
|b txt
|2 rdacontent
|
| 337 |
|
|
|a computer
|b c
|2 rdamedia
|
| 338 |
|
|
|a online resource
|b cr
|2 rdacarrier
|
| 500 |
|
|
|a Includes indexes.
|
| 588 |
0 |
|
|a Online resource; title from PDF title page (ScienceDirect, viewed March 22, 2017).
|
| 650 |
|
0 |
|a Pharmaceutical chemistry.
|
| 650 |
|
7 |
|a MEDICAL / Pharmacology
|2 bisacsh
|
| 650 |
|
7 |
|a Pharmaceutical chemistry.
|2 fast
|0 (OCoLC)fst01060115
|
| 655 |
|
4 |
|a Electronic books.
|
| 700 |
1 |
|
|a Witty, D. R.
|q (David R.),
|e editor.
|
| 700 |
1 |
|
|a Cox, Brian
|c (Chemist),
|e editor.
|
| 776 |
0 |
8 |
|c Original
|z 044463939X
|z 9780444639394
|w (OCoLC)964377730
|
| 856 |
4 |
0 |
|u https://www.sciencedirect.com/science/bookseries/00796468/56
|z Full Text via HEAL-Link
|